| 000 | 00742nam a2200217Ii 4500 | ||
|---|---|---|---|
| 003 | JO-AjNU | ||
| 008 | 230605s9999||||xx |||||||||||||| ||und|| | ||
| 017 | _a1978/26 | ||
| 040 |
_aJO-AjNU _bara _erda _cJO-AjNU |
||
| 041 | _aara | ||
| 050 | 1 | 4 | _aBP144.K5 1977 |
| 100 | 3 |
_aالكبيسي، محمد عبيد, _eauthor _946980 |
|
| 245 | 0 | 0 | _aأحكام الوقف في الشريعة الإسلامية، ج2 |
| 264 | 3 | 1 | _aبغداد: وزارة الاوقاف ، 1977 |
| 300 | _aج2، 491ص | ||
| 336 |
_atext _btxt _2rdacontent |
||
| 337 |
_aunmediated _bn _2rdamedia |
||
| 338 |
_avolume _bnc _2rdacarrier |
||
| 490 | 0 | _aاحياء التراث الاسلامي | |
| 650 | 4 |
_aالوقف- المعاملات- فقه اسلامي _946981 |
|
| 999 |
_aA20477 _c24045 _d24045 |
||